| 000 | 00909nam a22002417a 4500 | ||
|---|---|---|---|
| 008 | 240608b mp ||||| |||| 00| 0 mon d | ||
| 020 | _a978-9997-885-715 | ||
| 035 | _a17120 | ||
| 040 |
_aDU1548031 _bmon _cMN-UlNLM _dMN-UlNLM _erda |
||
| 041 | _amon | ||
| 042 | _a41546 | ||
| 084 |
_2NNA _a82.3(5Мон) _bӨ-741 |
||
| 100 | _aӨлзийпүрэв Д. | ||
| 245 | 0 | _aБорхүү Одхүү Төмөрхүү гурвын адал явдал | |
| 264 |
_aУлаанбаатар _c2017 |
||
| 300 | _a24 | ||
| 336 |
_2rdacontent _atext _btxt |
||
| 337 |
_2rdamedia _aunmediated _bn |
||
| 338 |
_2rdacarrier _avolume _bnc |
||
| 490 | _v5 | ||
| 650 | _aХүүхдийн зурагтай инээдмийн зурагтай, хүүхдийн, хошин шог Гарчиг: Алсын тооцоолуурт удирдлага, Хувиргагч, Дуусдаггүй үзэг ... | ||
| 942 |
_2NNA _cBK |
||
| 999 |
_c842023 _d842080 |
||